<?xml version='1.0' encoding='UTF-8'?>
  <record xmlns="http://www.loc.gov/MARC21/slim">
    <leader>00000cam a2200000 i 4500</leader>
    <controlfield tag="001">ocm63394674</controlfield>
    <controlfield tag="003">OCoLC</controlfield>
    <controlfield tag="005">20240922173554.9</controlfield>
    <controlfield tag="008">810710s1852    ne       m    000 0 lat d</controlfield>
    <datafield tag="040" ind1=" " ind2=" ">
      <subfield code="a">NLGGC</subfield>
      <subfield code="b">dut</subfield>
      <subfield code="e">fobidrtb</subfield>
      <subfield code="c">NLGGC</subfield>
      <subfield code="d">OCLCO</subfield>
      <subfield code="d">OCLCL</subfield>
      <subfield code="d">OCLCQ</subfield>
    </datafield>
    <datafield tag="029" ind1="0" ind2=" ">
      <subfield code="a">NLGGC</subfield>
      <subfield code="b">810734664</subfield>
    </datafield>
    <datafield tag="035" ind1=" " ind2=" ">
      <subfield code="a">(OCoLC)63394674</subfield>
    </datafield>
    <datafield tag="100" ind1="1" ind2=" ">
      <subfield code="a">Sibmacher Zijnen, F.P.J.</subfield>
      <subfield code="q">(Frederik Pieter Jacob),</subfield>
      <subfield code="d">1826-1895.</subfield>
      <subfield code="1">https://id.oclc.org/worldcat/entity/E39PCjqW3YGYtcKYBG7CpXKHfm</subfield>
    </datafield>
    <datafield tag="245" ind1="1" ind2="0">
      <subfield code="a">Specimen historico-dogmaticum, quo Anselmi et Calvini placita de hominum per Christum a peccato redemtione inter se conferuntur /</subfield>
      <subfield code="c">Fredericus Petrus Jacobus Sibmacher Zijnen.</subfield>
    </datafield>
    <datafield tag="260" ind1=" " ind2=" ">
      <subfield code="a">Schoonhoviae :</subfield>
      <subfield code="b">Van Nooten,</subfield>
      <subfield code="c">1852.</subfield>
    </datafield>
    <datafield tag="300" ind1=" " ind2=" ">
      <subfield code="a">151 p. ;</subfield>
      <subfield code="c">24 cm.</subfield>
    </datafield>
    <datafield tag="336" ind1=" " ind2=" ">
      <subfield code="a">tekst</subfield>
      <subfield code="b">txt</subfield>
      <subfield code="2">rdacontent/dut</subfield>
    </datafield>
    <datafield tag="337" ind1=" " ind2=" ">
      <subfield code="a">zonder medium</subfield>
      <subfield code="b">n</subfield>
      <subfield code="2">rdamedia/dut</subfield>
    </datafield>
    <datafield tag="338" ind1=" " ind2=" ">
      <subfield code="a">band</subfield>
      <subfield code="b">nc</subfield>
      <subfield code="2">rdacarrier/dut</subfield>
    </datafield>
    <datafield tag="502" ind1=" " ind2=" ">
      <subfield code="a">Proefschrift Utrecht.</subfield>
    </datafield>
    <datafield tag="530" ind1=" " ind2=" ">
      <subfield code="a">Titel is gedigitaliseerd voor de Koninklijke Bibliotheek in het kader van het Google Books-project.</subfield>
    </datafield>
    <datafield tag="600" ind1="0" ind2="4">
      <subfield code="a">Anselmus,</subfield>
      <subfield code="c">van Canterbury,</subfield>
      <subfield code="d">1033-1109.</subfield>
      <subfield code="0">(NL-LeOCL)069230706</subfield>
    </datafield>
    <datafield tag="600" ind1="1" ind2="4">
      <subfield code="a">Calvijn, Johannes</subfield>
      <subfield code="q">(Jean),</subfield>
      <subfield code="d">1509-1564.</subfield>
      <subfield code="0">(NL-LeOCL)068313993</subfield>
    </datafield>
    <datafield tag="758" ind1=" " ind2=" ">
      <subfield code="a">Specimen historico-dogmaticum, quo Anselmi et Calvini placita de hominum per Christum a peccato redemtione (Text)</subfield>
      <subfield code="1">https://id.oclc.org/worldcat/entity/E39PCGrKTBDHgXGX3jxtTRvyh3</subfield>
      <subfield code="4">https://id.oclc.org/worldcat/ontology/hasWork</subfield>
    </datafield>
    <datafield tag="776" ind1="0" ind2=" ">
      <subfield code="t">Specimen historico-dogmaticum, quo Anselmi et Calvini placita de hominum per Christum a peccato redemtione inter se conferuntur</subfield>
      <subfield code="w">(NL-LeOCL)354646419</subfield>
    </datafield>
    <datafield tag="936" ind1=" " ind2=" ">
      <subfield code="a">BATCHLOAD</subfield>
    </datafield>
  </record>